KOHA-Header-6

National Bibliography Of Research Theses (Record no. 7614)

000 -LEADER
fixed length control field 00278nam a2200109Ia 4500
100 ## - MAIN ENTRY--AUTHOR NAME
Personal name Mahmood, Shahid
245 #0 - TITLE STATEMENT
Title National Bibliography Of Research Theses
260 ## - PUBLICATION, DISTRIBUTION, ETC. (IMPRINT)
Place of publication Islamabad
Name of publisher Education
Year of publication 2000
300 ## - PHYSICAL DESCRIPTION
Number of Pages 441
942 ## - ADDED ENTRY ELEMENTS (KOHA)
Koha item type Books
Holdings
Withdrawn status Lost status Collection code Permanent Location Current Location Shelving location Date acquired Full call number Accession Number Koha item type
    Dictionaries MAJU MAJU Shelf No.B28 2019-09-12 512.5 1565 DICTIONARY

Powered by Koha